Statistics for 100 Biggest Cities on a World Map

Click here to take the quiz!

General Stats

  • This quiz has been taken 118,501 times
    (74,756 since last reset)
  • The average score is 61 of 100

Answers on the Map

Answers color-coded by a green-red scale on the quiz's map according to % correct below.
Loading ...
 

Answer Stats

Population Urban Area % Correct
22.4 mNew York City
98%
14.7 mLondon
98%
11.4 mParis
97%
17.2 mMoscow
97%
22.8 mMexico City
96%
40.2 mTokyo
96%
6.45 mMadrid
96%
17.8 mLos Angeles
96%
4.75 mBerlin
94%
20.5 mCairo
92%
5.20 mSydney
92%
6.35 mMiami
92%
13.1 mRio de Janeiro
92%
20.4 mBeijing
91%
4.73 mBarcelona
91%
9.75 mChicago
90%
29.4 mDelhi
90%
15.8 mIstanbul
89%
5.60 mSaint Petersburg
88%
7.85 mSan Francisco
88%
16.3 mBuenos Aires
85%
35.9 mShanghai
84%
5.20 mMilan
84%
7.65 mBoston
83%
8.55 mWashington, DC
83%
30.6 mJakarta
83%
24.7 mMumbai
83%
9.90 mLima
83%
7.10 mDallas
82%
6.60 mHouston
82%
4.90 mDubai
81%
24.7 mSeoul
81%
7.20 mSantiago
80%
25.2 mManila
80%
22.2 mSão Paulo
80%
4.85 mMelbourne
79%
13.7 mJohannesburg
79%
4.98 mAnkara
79%
15.0 mTehran
79%
18.3 mBangkok
79%
9.80 mBogotá
77%
7.35 mToronto
76%
6.85 mBaghdad
75%
7.80 mSingapore
75%
7.45 mHong Kong
74%
5.70 mDetroit
74%
5.80 mAtlanta
74%
7.35 mPhiladelphia
72%
18.8 mLagos
70%
5.70 mAlexandria
68%
17.7 mOsaka
68%
8.70 mKuala Lumpur
66%
8.60 mHo Chi Minh City
65%
5.95 mNairobi
65%
7.75 mRiyadh
65%
45.6 mGuangzhou
64%
19.5 mDhaka
62%
16.6 mKolkata
61%
12.0 mKinshasa
57%
17.3 mKarachi
55%
9.10 mTaipei
54%
4.73 mColombo
52%
6.15 mKhartoum
51%
5.45 mAmman
48%
7.90 mLuanda
45%
4.95 mAccra
45%
11.0 mChennai
44%
6.15 mDar es Salaam
44%
5.25 mGuadalajara
44%
12.6 mLahore
43%
11.8 mBangalore
43%
6.80 mXi'an
40%
8.85 mWuhan
39%
9.85 mHyderabad
36%
13.2 mTianjin
34%
4.93 mMonterrey
34%
4.78 mJeddah
33%
5.50 mYangon
32%
10.5 mNagoya
32%
9.80 mChengdu
31%
4.98 mBelo Horizonte
31%
6.70 mNanjing
28%
8.25 mAhmedabad
27%
8.05 mChongqing
26%
5.45 mAbidjan
26%
9.90 mXiamen
23%
5.15 mHarbin
23%
6.70 mPune
22%
4.83 mChittagong
21%
8.30 mHangzhou
19%
6.00 mSurabaya
18%
7.90 mShenyang
16%
6.85 mBandung
16%
5.95 mQingdao
16%
6.35 mSurat
15%
5.35 mZhengzhou
11%
4.83 mHefei
10%
4.75 mChangsha
10%
5.25 mWenzhou
9%
7.70 mShantou
9%

Score Distribution

Percentile by Number Answered

Percent of People with Each Score

Your Score History

You have not taken this quiz since the last reset